000 00549cam a22001692a 4500
001 000888
003 AR-FADEU
008 311216nsept####xxu####################dd
100 _aSola, Blanca
245 _aSituación social de las madres menores solteras y la relación con el abandono de sus niños
260 _bUniversidad Nacional del Comahue
260 _aGeneral Roca
260 _cseptiembre 1985
440 _acuadernos de servicio social
_n1
650 _aMENOR-ABANDONADO; MADRES MENORES SOLTERAS; SERVICIO SOCIAL
942 _cFOLLETO
999 _c1499
_d1499